| 000 | 00418nam a22001337a 4500 | ||
|---|---|---|---|
| 008 | 160123b xxu||||| |||| 00| 0 eng d | ||
| 020 | _a9780078881800 | ||
| 082 |
_2[2009] _aDK12 530 _bP578 |
||
| 245 |
_aPhysics : _bprinciples and problems :solutions manual. |
||
| 260 |
_aColumbus, OH : _bGlencoe/McGraw Hill, _c[c2009]. |
||
| 300 |
_aiv, 680 pages : _billustration ; _c28 cm. |
||
| 650 | 0 |
_92041 _aPhysics |
|
| 942 |
_2ddc _cBK |
||
| 999 |
_c765 _d765 |
||